000 00641cam a2200229 a 4500
001 933236
005 20180301042212.0
008 830411s1984 nyub b 001 0 eng
010 _a 83008065
020 _a0393017389
040 _aDLC
_cDLC
_dDLC
041 _aeng
043 _an-us-va
080 _a305.4209755581 LEB
082 0 0 _a305.4209755581 LEB
_219
100 1 _a50
101 _aSOC
245 1 4 _aThe free women of Petersburg :
_cSuzanne Lebsock.
504 _aBibliography: p. [261]-311.
906 _a7
_bcbc
_corignew
_d1
_eocip
_f19
_gy-gencatlg
942 _2ddc
_cBK
999 _c43787
_d43787